| 000 | 00000nam 2200000za 4500 |
| 001 | 9.837823 |
| 003 | CaOODSP |
| 005 | 20221107151231 |
| 007 | cr ||||||||||| |
| 008 | 170606s1983 onc |o||||f|0| 0|eng d |
| 040 | |aCaOODSP|beng |
| 041 | |aeng|afre |
| 043 | |an-cn--- |
| 086 | 1 |aCS11-614/85-17-PDF |
| 100 | 1 |aCholette, Pierre-A. (Pierre-Arthur), |d1948- |
| 245 | 10|aRedistribution des valeurs extrèmes des séries de permis de bâtir |h[electronic resource] = |bDistributing extreme values for building permit series / |cby Pierre A. Colette and Jean-François Carbonneau. |
| 246 | 11|aDistributing extreme values for building permit series |
| 260 | |a[Ottawa] : |bStatistics Canada, |c1983. |
| 300 | |a13 p. |
| 490 | 1 |aWorking paper ; |v85-17 |
| 500 | |aDigitized edition from print [produced by Statistics Canada]. |
| 500 | |a"Research Papaer 83-09-001B." |
| 500 | |a"September 1983." |
| 504 | |aIncludes bibliographic references. |
| 520 | |a"This paper develops a method to replace the extremes values without affecting the local level of the series. Unlike the procedure built in the X-11(-ARIMA) method, which replaces the extremes, the proposed procedure redistributes them"--Introduction, p. 1. |
| 546 | |aText in English and in French. |
| 692 | 07|2gccst|aMethodology |
| 692 | 07|2gccst|aStatistical analysis |
| 700 | 1 |aCarbonneau, Jean-François. |
| 710 | 1 |aCanada. |bStatistics Canada. |bMethodology Branch. |
| 792 | |tRedistribution des valeurs extrèmes des séries de permis de bâtir |efre|w(CaOODSP)9.837826 |
| 830 | #0|aWorking paper (Statistics Canada. Methodology Branch)|v85-17|w(CaOODSP)9.834763 |
| 856 | 40|qPDF|s2.15 MB|uhttps://publications.gc.ca/collections/collection_2017/statcan/11-613/CS11-614-85-17.pdf |
| 986 | |a11-614 |